00718nam a2200205 i 450000100060000000300090000600500170001500700030003200800410003510000300007624500470010625000520015326000500020530000360025549000220029183000300031385200310034399900170037495201210039151963ES-MaACL20230906162459.0t|030821s1948 xxk ||||1| eng d1 aChilde, V. Gordon.93851410aMan makes himself / cby V. Gordon Childe. a1st ed. in the Thinker's Library, slightly rev. aLondon : bWats, c[1948] (fJohnson's Court) aXIII, 240 p. : bil. ; c17 cm.1 aThinker's library0 aThinker's library9230194 aES-MaACLjD-7482 bR.29711 c51963d51963 00104070aATENEOMbATENEOMcSVId2008-01-17eSCl0oD-7482p901054635r2023-02-23 00:00:00w2023-02-23yMONOGRAFIA